00381 2200157 4500001002100000005001500021008004100036035002500077041000800102082000800110090000800118100001800126245004600144300002300190650001000213INLIS00000000000236020130515125514 ind  a0010-051300000002360 aind aFik aFik aBastian, Tito aHantu Selaksa Angin (Serial Wiro Sableng) a128 hlm. ;17,5 cm. aFiksi